Fundamentals of acoustics (Record no. 421)

MARC details
000 -LEADER
Fixed length control field 00476nam a2200181 4500
003 - CONTROL NUMBER IDENTIFIER
Control field SEACOMEC
005 - DATE AND TIME OF LATEST TRANSACTION
Control field 20240105160232.0
008 - FIXED-LENGTH DATA ELEMENTS--GENERAL INFORMATION
Fixed length control field 240105b |||||||| |||| 00| 0 eng d
020 ## - INTERNATIONAL STANDARD BOOK NUMBER / ISBN
Price $7.50
040 ## - CATALOGING SOURCE
Original cataloging agency SEACOMEC
082 ## - DEWEY DECIMAL CLASSIFICATION NUMBER
Classification number 534
Book Number F981
100 ## - MAIN ENTRY--PERSONAL NAME
Personal name Kinsler,Lawrence E,
245 1# - TITLE STATEMENT
Title Fundamentals of acoustics
Statement of responsibility Lawrence E. Kinsler
250 ## - EDITION STATEMENT
Edition statement 4th ed.
260 ## - IMPRINT
Place of publication New York
Name of publisher John Wiley
Date of publication 2000
650 ## - SUBJECT ADDED ENTRY--TOPICAL TERM
Topical term Natural sciences,Sound and related vibrations
942 ## - ADDED ENTRY ELEMENTS (KOHA)
Koha item type Books
Holdings
Withdrawn status Lost status Source of classification Damaged status Not for loan Home library Current library Date acquired Total Checkouts Call number Accession number Date last seen Copy number Price effective from Koha item type
    Dewey Decimal Classification     SEACOM ENGINEERING COLLEGE SEACOM ENGINEERING COLLEGE 05/01/2024   534 F981 01265 05/01/2024 5 05/01/2024 Books
    Dewey Decimal Classification     SEACOM ENGINEERING COLLEGE SEACOM ENGINEERING COLLEGE 05/01/2024   534 F981 01266 05/01/2024 6 05/01/2024 Books
    Dewey Decimal Classification     SEACOM ENGINEERING COLLEGE SEACOM ENGINEERING COLLEGE 05/01/2024   534 F981 01267 05/01/2024 7 05/01/2024 Books
    Dewey Decimal Classification     SEACOM ENGINEERING COLLEGE SEACOM ENGINEERING COLLEGE 05/01/2024   534 F981 01268 05/01/2024 8 05/01/2024 Books
    Dewey Decimal Classification     SEACOM ENGINEERING COLLEGE SEACOM ENGINEERING COLLEGE 05/01/2024   534 F981 01269 05/01/2024 9 05/01/2024 Books
© Seacom Engineering College, All rights reserved.      Powered by Koha